Of mice and metaphors (Record no. 139115)

MARC details
000 -LEADER
fixed length control field 00827nam a2200265Ia 4500
003 - CONTROL NUMBER IDENTIFIER
control field OSt
005 - DATE AND TIME OF LATEST TRANSACTION
control field 20220918171333.0
008 - FIXED-LENGTH DATA ELEMENTS--GENERAL INFORMATION
fixed length control field 220917b |||||||| |||| 00| 0 eng d
020 ## - INTERNATIONAL STANDARD BOOK NUMBER
International Standard Book Number 9781506305592 (pbk)
037 ## - SOURCE OF ACQUISITION
Terms of availability Textual
040 ## - CATALOGING SOURCE
Original cataloging agency ARTS
Transcribing agency ARTS
Language of cataloging eng
041 ## - LANGUAGE CODE
Source of code eng
Language code of text/sound track or separate title eng
100 ## - MAIN ENTRY--PERSONAL NAME
Personal name Brandell Jerrold R. Au.
9 (RLIN) 35916
245 #0 - TITLE STATEMENT
Title Of mice and metaphors
Remainder of title therapeutic storytelling with children
250 ## - EDITION STATEMENT
Edition statement 2nd
260 ## - PUBLICATION, DISTRIBUTION, ETC.
Place of publication, distribution, etc. Los Angeles
Name of publisher, distributor, etc. Sage USA
Date of publication, distribution, etc. 2017
300 ## - PHYSICAL DESCRIPTION
Extent xii,164p.
Dimensions cm.
650 ## - SUBJECT ADDED ENTRY--TOPICAL TERM
Topical term or geographic name entry element CHILD PSYCHOLOGY; PSYCHOTHERAPY
9 (RLIN) 35917
942 ## - ADDED ENTRY ELEMENTS (KOHA)
Classification part S1:86, Q7
Koha item type Textual
Source of classification or shelving scheme Colon Classification (CC)
Holdings
Withdrawn status Lost status Damaged status Not for loan Home library Current library Date acquired Source of acquisition Total Checkouts Full call number Barcode Date last seen Price effective from Koha item type
        Arts Library Arts Library 2022-09-18 425, 10/03/2017, Kilaso Books   S1:86 Q7 AL1630749 2022-09-18 2022-09-18 Textual
Copyright @ Delhi University Library System